|
|
|
|
| LEADER |
00000nam a2200000 a 4500 |
| 001 |
vtls010595209 |
| 003 |
SK-MaSNL |
| 005 |
20260301225726.0 |
| 008 |
240314 1966 xo 000 0 slo |
| 040 |
|
|
|a SNK
|b slo
|c SNK
|e AACR2
|
| 100 |
1 |
|
|a Stejskal, Antonín,
|d narodený 1909
|4 aut
|9 239478
|
| 245 |
1 |
0 |
|a Zemepis pre 7. ročník základnej deväťročnej školy
|c Antonín Stejskal, František Krpal
|
| 250 |
|
|
|a 3. vyd.
|
| 260 |
|
|
|a Bratislava
|b Slovenské pedagogické nakladateľstvo
|c 1966
|e Bratislava
|f Svoboda, grafické závody, n. p.
|
| 300 |
|
|
|a 221 s. [3] s.
|
| 958 |
|
|
|a OND
|
| 999 |
|
|
|c 952004
|d 953934
|
| 952 |
|
|
|a SNK
|b SNK
|y VYP
|7 0
|p 17A1075041
|o snkSD 31061 D1
|i snkKSP 3522/67
|0 0
|1 0
|4 0
|d 2014-05-06
|l 0
|r 2026-02-24 09:52:03
|w 2026-02-24
|